Central Library OPAC University of Rajshahi

The Fauna of British India : (Record no. 73333)

MARC details
000 -LEADER
fixed length control field 00774nam a2200241 a 4500
001 - CONTROL NUMBER
control field 73333
003 - CONTROL NUMBER IDENTIFIER
rucl marc code BD-RjUL
005 - DATE AND TIME OF LATEST TRANSACTION
control field 20211209082401.0
008 - FIXED-LENGTH DATA ELEMENTS--GENERAL INFORMATION
fixed length control field 170314s1915 ii a|||| |||| 001 0 eng d
020 ## - INTERNATIONAL STANDARD BOOK NUMBER
Terms of availability : Rs. 150.00
035 ## - SYSTEM CONTROL NUMBER
System control number (BD-RjUL)73551
040 ## - CATALOGING SOURCE
Original cataloging agency BD-RjUL
Language of cataloging eng
Transcribing agency BD-RjUL
Modifying agency BD-RjUL
041 ## - LANGUAGE CODE
Language code of text/sound track or separate title eng
082 ## - DEWEY DECIMAL CLASSIFICATION NUMBER
Edition number 23
Classification number 591.0954
Author mark and year FAU 1914
245 15 - TITLE STATEMENT
Title The Fauna of British India :
Remainder of title including Ceylon and Burma /
Statement of responsibility, etc. Edited by A. E. Shipley
260 ## - PUBLICATION, DISTRIBUTION, ETC. (IMPRINT)
Place of publication, distribution, etc. New Delhi :
Name of publisher, distributor, etc. Today and Tomrrows Printers and Publisher,
Date of publication, distribution, etc. 1914
300 ## - PHYSICAL DESCRIPTION
Pagination V. :
Illustrations ill. ;
Size 24 cm.
504 ## - BIBLIOGRAPHY, ETC. NOTE
Bibliography, etc Includes bibliographies and index.
505 0# - FORMATTED CONTENTS NOTE
Formatted contents note v. 2. mollusca (trochomorphidae-janellidae)
650 ## - SUBJECT ADDED ENTRY--TOPICAL TERM
Topical term or geographic name as entry element Zoology
General subdivision India
9 (RLIN) 195509
700 ## - ADDED ENTRY--PERSONAL NAME
Personal name Shipley, A. E.
942 ## - ADDED ENTRY ELEMENTS (KOHA)
Source of classification or shelving scheme Dewey Decimal Classification
Koha item type Books
Holdings
Lost status Source of classification or shelving scheme Damaged status Not for loan Collection code Permanent Location Current Location Shelving location Date acquired Source of acquisition Cost, normal purchase price Total Checkouts Full call number Date last seen Copy number Koha item type
  Dewey Decimal Classification   Not For Loan Non-fiction Central Library, University of Rajshahi Central Library, University of Rajshahi Reading Room 07/05/1985 Tulip Ent. 150.00   591.0954 FAU V-2 1914 30/05/2017 C-1 Books